| 000 | 00500pab a2200169 454500 | ||
|---|---|---|---|
| 008 | 180718b2002 xxu||||| |||| 00| 0 eng d | ||
| 100 | _aMurphy, M. Celeste | ||
| 245 | _aEnvironmental justice: a case study of farm workers in South Florida | ||
| 260 | _c2002 | ||
| 300 | _ap.193-220. | ||
| 650 | _aAgricultural workers | ||
| 650 | _aCase studies | ||
| 650 | _aEnvironmental legislation | ||
| 700 | _aLeip, Leslie A. | ||
| 773 | _aInternational Journal of Public Administration | ||
| 909 | _a52804 | ||
| 999 |
_c52804 _d52804 |
||